000 01168nam a2200289Ia 4500
003 OSt
005 20221005111246.0
006 a|||||r|||| 00| 0
007 ta
008 221004b |||||||| |||| 00| 0 hin d
020 _a8170555108 (hbk)
_c300
024 _a17626
037 _b521, 21/03/2015, Vani Prakashan
_cTextual
040 _aCRL
_cCRL
_bhin
041 _2hin
_ahin
082 _aDelta2wN18, 152N8
100 _aभट्ट, महेश
245 0 _aन खत्म होनेवाली कहानी
246 _aN khatma honevālī kahānī
250 _a2 संस्करण
260 _aनई दिल्ली
_bवाणी प्रकाशन भारत
_c1998
300 _a213पृ0
_ccm.
650 _aआध्यात्मिक अनुभव और रहस्यवाद
700 _a दीक्षित, जगदम्बा प्रसाद, अनु.
942 _hDelta2wN18, 152N8
_cTEXL
_2cc
999 _c1021290
_d1021290